header

Time-constrained evaluation (Record no. 1252)

MARC details
000 -LEADER
fixed length control field 01337nam a2200337 a 4500
082 04 - DEWEY DECIMAL CLASSIFICATION NUMBER
Classification number 379.1/54
100 1# - MAIN ENTRY--AUTHOR NAME
Personal name Wilcox, B.
245 10 - TITLE STATEMENT
Title Time-constrained evaluation
260 ## - PUBLICATION, DISTRIBUTION, ETC. (IMPRINT)
Place of publication London ;
-- New York :
Name of publisher Routledge,
Year of publication 1992.
300 ## - PHYSICAL DESCRIPTION
Number of Pages xiv, 223 p. :
Other physical details ill.
490 1# - SERIES STATEMENT
Series statement Educational management series
650 #0 - SUBJECT ADDED ENTRY--TOPICAL TERM
Topical Term Education
Topical Term Educational accountability
856 40 - ELECTRONIC LOCATION AND ACCESS
Uniform Resource Identifier http://site.ebrary.com/lib/rucke/Doc?id=5001610

No items available.

© 2026 Rongo University
Contact us: librarian | system librarian | Rongo university